Library Banner

Problems faced by the Dawah and the daiyah/ (Record no. 109614)

MARC details
000 -LEADER
fixed length control field 00386nam a22001457a 4500
005 - DATE AND TIME OF LATEST TRANSACTION
control field 20181214120526.0
008 - FIXED-LENGTH DATA ELEMENTS--GENERAL INFORMATION
fixed length control field 181214b ||||| |||| 00| 0 eng d
040 ## - CATALOGING SOURCE
Transcribing agency PK-LaUMT
082 ## - DEWEY DECIMAL CLASSIFICATION NUMBER
Classification number RHC 297.74
Item number FAT-P
100 ## - MAIN ENTRY--PERSONAL NAME
Personal name Fathi Yakan
245 ## - TITLE STATEMENT
Title Problems faced by the Dawah and the daiyah/
Statement of responsibility, etc Fathi Yakan
260 ## - PUBLICATION, DISTRIBUTION, ETC. (IMPRINT)
Place of publication, distribution, etc Islamabad:
Name of publisher, distributor, etc Dawah Academy
Date of publication, distribution, etc 1998
300 ## - PHYSICAL DESCRIPTION
Extent 239
942 ## - ADDED ENTRY ELEMENTS (KOHA)
Koha item type Books
Holdings
Withdrawn status Lost status Damaged status Home library Current library Date acquired Full call number Barcode Date last seen Price effective from Koha item type
      UMT Main Campus UMT Main Campus 2018-12-14 RHC 297.74 FAT-P 126941 2018-12-14 2018-12-14 Books